ARRUPE JESUIT UNIVERSITY

CORONAVIRUS -STOP THE SPREAD - CLEAN,DISINFECT,COVER

Ousmane Sembène : (Record no. 117799)

MARC details
000 -LEADER
fixed length control field 02461cam a2200517 a 4500
001 - CONTROL NUMBER
control field 7804337
003 - CONTROL NUMBER IDENTIFIER
control field ARRUPE
005 - DATE AND TIME OF LATEST TRANSACTION
control field 20130917113342.0
008 - FIXED-LENGTH DATA ELEMENTS--GENERAL INFORMATION
fixed length control field 090904s2010 inua b 001 0beng
010 ## - LIBRARY OF CONGRESS CONTROL NUMBER
LC control number 2009037116
020 ## - INTERNATIONAL STANDARD BOOK NUMBER
International Standard Book Number 9780253354136 (cloth : alk. paper)
020 ## - INTERNATIONAL STANDARD BOOK NUMBER
International Standard Book Number 0253354137 (cloth : alk. paper)
020 ## - INTERNATIONAL STANDARD BOOK NUMBER
International Standard Book Number 9780253221513 (pbk. : alk. paper)
020 ## - INTERNATIONAL STANDARD BOOK NUMBER
International Standard Book Number 025322151X (pbk. : alk. paper)
024 ## - OTHER STANDARD IDENTIFIER
Standard number or code 40017924917
035 ## - SYSTEM CONTROL NUMBER
System control number (OCoLC)313659212
Canceled/invalid control number (OCoLC)429980303
035 ## - SYSTEM CONTROL NUMBER
System control number (OCoLC)ocn313659212
035 ## - SYSTEM CONTROL NUMBER
System control number (NNC)7804337
040 ## - CATALOGING SOURCE
Original cataloging agency DLC
Transcribing agency DLC
Modifying agency YDX
-- BTCTA
-- YDXCP
-- UKM
-- OrLoB-B
041 1# - LANGUAGE CODE
Language code of text/sound track or separate title eng
Language code of original and/or intermediate translations of text fre
043 ## - GEOGRAPHIC AREA CODE
Geographic area code f-sg---
-- e-fr---
050 00 - LIBRARY OF CONGRESS CALL NUMBER
Classification number PQ3989.S46
Item number Z6613 2010
082 00 - DEWEY DECIMAL CLASSIFICATION NUMBER
Classification number 843/.914
-- B
Edition number 22
300 ## - PHYSICAL DESCRIPTION
Other physical details ill. ;
Dimensions 24 cm.
100 1# - MAIN ENTRY--PERSONAL NAME
Personal name Gadjigo, Samba,
Dates associated with a name 1954-
9 (RLIN) 204
240 10 - UNIFORM TITLE
Uniform title <a href="Ousmane Sembène.">Ousmane Sembène.</a>
Language of a work English
245 10 - TITLE STATEMENT
Title Ousmane Sembène :
Remainder of title the making of a militant artist /
Statement of responsibility, etc Samba Gadjigo ; translated by Moustapha Diop ; with a foreword by Danny Glover.
260 ## - PUBLICATION, DISTRIBUTION, ETC. (IMPRINT)
Place of publication, distribution, etc Bloomington :
Name of publisher, distributor, etc Indiana University Press,
Date of publication, distribution, etc c2010.
300 ## - PHYSICAL DESCRIPTION
Extent xxvi, 188 p. :
500 ## - GENERAL NOTE
General note Translation of: Ousmane Sembène : une conscience africaine : genèse d'un destin hors du commun. Paris : Homnisphères, c2007.
504 ## - BIBLIOGRAPHY, ETC. NOTE
Bibliography, etc Includes bibliographical references and index.
505 00 - FORMATTED CONTENTS NOTE
Miscellaneous information 1.
Title Casamance --
Miscellaneous information 2.
Title At the Crossroads of Cultures --
Miscellaneous information 3.
Title Youth and Its Discontents --
Miscellaneous information 4.
Title Colonial Violence --
Miscellaneous information 5.
Title The Lebu Ghettos of Dakar Plateau --
Miscellaneous information 6.
Title The World of Labor --
Miscellaneous information 7.
Title The Experience of Racism --
Miscellaneous information 8.
Title "Here We Come, Marshal!" --
Miscellaneous information 9.
Title The Winds of Change --
Miscellaneous information 10.
Title The Moment of Truth --
Miscellaneous information 11.
Title "The Village" --
Miscellaneous information 12.
Title The Docker --
Miscellaneous information 13.
Title The Militant --
Miscellaneous information 14.
Title The Fire-Giver.
600 10 - SUBJECT ADDED ENTRY--PERSONAL NAME
Personal name Sembène, Ousmane,
Dates associated with a name 1923-2007.
9 (RLIN) 205
600 10 - SUBJECT ADDED ENTRY--PERSONAL NAME
Personal name Sembène, Ousmane,
Dates associated with a name 1923-2007
General subdivision Political and social views.
9 (RLIN) 206
650 #0 - SUBJECT ADDED ENTRY--TOPICAL TERM
Topical term or geographic name as entry element Authors, Senegalese
Chronological subdivision 20th century
Form subdivision Biography.
9 (RLIN) 207
650 #0 - SUBJECT ADDED ENTRY--TOPICAL TERM
Topical term or geographic name as entry element Motion picture producers and directors
Geographic subdivision Senegal
Form subdivision Biography.
9 (RLIN) 208
650 #0 - SUBJECT ADDED ENTRY--TOPICAL TERM
Topical term or geographic name as entry element Senegalese literature (French)
General subdivision History and criticism.
9 (RLIN) 209
650 #0 - SUBJECT ADDED ENTRY--TOPICAL TERM
Topical term or geographic name as entry element Postcolonialism
General subdivision Social aspects
Geographic subdivision Senegal.
9 (RLIN) 210
651 #0 - SUBJECT ADDED ENTRY--GEOGRAPHIC NAME
Geographic name Senegal
General subdivision Intellectual life.
9 (RLIN) 211
651 #0 - SUBJECT ADDED ENTRY--GEOGRAPHIC NAME
Geographic name Senegal
General subdivision Colonial influence.
9 (RLIN) 212
651 #0 - SUBJECT ADDED ENTRY--GEOGRAPHIC NAME
Geographic name Casamance (Senegal)
Form subdivision Biography.
9 (RLIN) 213
651 #0 - SUBJECT ADDED ENTRY--GEOGRAPHIC NAME
Geographic name Marseille (France)
Form subdivision Biography.
9 (RLIN) 214
900 ## - EQUIVALENCE OR CROSS-REFERENCE-PERSONAL NAME [LOCAL, CANADA]
Numeration TOC
942 ## - ADDED ENTRY ELEMENTS (KOHA)
Source of classification or shelving scheme Library of Congress Classification
Koha item type Monograph ( Printed materials)
948 1# - LOCAL PROCESSING INFORMATION (OCLC); SERIES PART DESIGNATOR (RLIN)
Series part designator, SPT (RLIN) 20100615
b (OCLC) c
c (OCLC) as2107
d (OCLC) MPS
948 1# - LOCAL PROCESSING INFORMATION (OCLC); SERIES PART DESIGNATOR (RLIN)
Series part designator, SPT (RLIN) 20100805
b (OCLC) c
c (OCLC) sl13
d (OCLC) MPS
Holdings
Withdrawn status Lost status Source of classification or shelving scheme Damaged status Not for loan Home library Current library Date acquired Total Checkouts Full call number Barcode Date last seen Price effective from Koha item type
    Library of Congress Classification     ARRUPE LIBRARY ARRUPE LIBRARY 17/09/2013   PR9373.9.O8Z66 2010 46411863 17/09/2013 17/09/2013 Monograph ( Printed materials)

 

Arrupe Library. PO Box MP320 Mt Pleasant, Harare, Zimbabwe
263 242 745411|librarian@aju.ac.zw